Normal view
MARC view
Entry Personal Name
001 - CONTROL NUMBER
- control field: 1236329
003 - CONTROL NUMBER IDENTIFIER
- control field: OSt
005 - DATE AND TIME OF LATEST TRANSACTION
- control field: 20260430150045.0
008 - FIXED-LENGTH DATA ELEMENTS
- fixed length control field: 260430|| aca||aabn | a|a d
040 ## - CATALOGING SOURCE
- Original cataloging agency: OSt
- Transcribing agency: OSt
100 ## - HEADING--PERSONAL NAME
- Personal name: University of Delhi. Arts Faculty. Department of Modenr Indian Languages and Literary Studies
670 ## - SOURCE DATA FOUND
- Source citation: Work cat.: (OSt)1848841: Mishra Sangeeta Au.; Premananthan K. Gu. 1236328, Folk art to popular culture : a study of the changing contours of identity in mithila paintings, 2022
